| 000 | 00367nam a2200145Ia 4500 | ||
|---|---|---|---|
| 005 | 20260328101446.0 | ||
| 008 | 260328s9999||||xx |||||||||||||| ||und|| | ||
| 100 | _aCasas Matiz, Elvia Isabel | ||
| 245 | 0 |
_aLugar / _cElvia Isabel Casas Matiz |
|
| 250 | _a1a ed. | ||
| 260 | _bUniversidad Católica de Colombia | ||
| 300 | _a72 p. | ||
| 650 | _aURBANISMO | ||
| 942 | _cBK | ||
| 999 |
_c8453 _d8453 |
||